Sports Quiz

Random Sports or Clickable Quiz

NHL 2013-14: Who Do I Play For? (Hard) Quiz Stats

 Plays Quiz not verified by Sporcle

Score 0/30 Timer 05:00
0 Plays Today
% Correct
Detroit
87%
San Jose
86.5%
Los Angeles
82.6%
Tampa Bay
82.2%
Minnesota
80.9%
Toronto
80.9%
Chicago
80.4%
Colorado
80.4%
NY Islanders
80%
Calgary
79.1%
Pittsburgh
79.1%
St. Louis
77%
Nashville
76.5%
Washington
76.5%
Florida
75.7%
% Correct
Montreal
75.7%
Dallas
75.2%
Ottawa
75.2%
Columbus
73.9%
Philadelphia
73.5%
NY Rangers
73%
Anaheim
71.3%
Boston
71.3%
Phoenix
71.3%
New Jersey
69.6%
Winnipeg
67.8%
Carolina
66.1%
Buffalo
64.3%
Edmonton
63.5%
Vancouver
60.9%

You're not logged in!

Compare scores with friends on all Sporcle quizzes.
Join for Free
OR
Log In

You Might Also Like...

Show Comments

Extras

Top Quizzes Today


Score Distribution

Your Account Isn't Verified!

In order to create a playlist on Sporcle, you need to verify the email address you used during registration. Go to your Sporcle Settings to finish the process.

Report this User

Report this user for behavior that violates our Community Guidelines.

Details: